Home Science/ (Record no. 206633)

MARC details
000 -LEADER
fixed length control field 00522nam a2200193 4500
005 - DATE AND TIME OF LATEST TRANSACTION
control field 20241023142817.0
010 ## - LCCN (DPL NO)
LC control number ENG-142331
020 ## - INTERNATIONAL STANDARD BOOK NUMBER
Terms of availability 695.00
International Standard Book Number 9788188162826
035 ## - SYSTEM CONTROL NUMBER
System control number EN-125863
037 ## - SOURCE OF ACQUISITION
Source of stock number/acquisition DBAD
082 ## - DEWEY DECIMAL CLASSIFICATION NUMBER
Classification number 640
100 ## - MAIN ENTRY--PERSONAL NAME
Personal name Vaishya, Sumitra
245 ## - TITLE STATEMENT
Title Home Science/
Remainder of title Sumitra Vaishya
250 ## - EDITION STATEMENT
Edition statement First
260 ## - PUBLICATION, DISTRIBUTION, ETC. (IMPRINT)
Name of publisher, distributor, etc Harshita Prakashan
Date of publication, distribution, etc 2022
Place of publication, distribution, etc Delhi
270 ## - ADDRESS
Address E-11/5, Krishna Nagar
City New Delhi
Postal code 110051
300 ## - PHYSICAL DESCRIPTION
Extent 224p.
Dimensions 22cm(pb)
942 ## - ADDED ENTRY ELEMENTS (KOHA)
Source of classification or shelving scheme Dewey Decimal Classification
Item type English Books
Classification part 640
Call number suffix VAI
Holdings
Withdrawn status Lost status Not for loan Collection code Home library Current library Date acquired Source of acquisition Cost, normal purchase price Full call number Barcode Copy number Cost, replacement price Koha item type
      Non-fiction Bawana Bawana 23/10/2024 DBAD 695.00 640 VAI EN-125863 1 695.00 English Books

© Delhi Public Library
Hit Counter
free hit counter